| 000 | 00833nam a2200157Ia 4500 | ||
|---|---|---|---|
| 008 | 220216s9999 xx 000 0 und d | ||
| 100 | _aGnanaharan R | ||
| 245 | 0 | _aProtection of rubber wood against the insect borer Sinoxylon anale les (Coleoptera: Bostrychidae) | |
| 260 |
_bJournal of the Indian Acadamy of Wood Science _c1983 |
||
| 300 | _a9-Nov | ||
| 520 | _aInsect borers which attack rubber wood in Kerala have been listed. Sinoxylon anale was noted to cause serious economic loss. Treatment of rubber wood with 10;boric acid equivalent (BAE) solution containing 0.5;sodium pentachloride by diffusion by diffusion process to dry salt retention of about 0.4;BAE has been found to give protection against S. anale attack. | ||
| 650 | _aRubberwood protection | ||
| 700 | _aDamodharan T K | ||
| 700 | _aMathew G | ||
| 942 | _cBO | ||
| 999 |
_c48022 _d48022 |
||